[Event "European Youth Chess Championship G18"]
[Site "Prague, Top Hotel Prague"]
[Date "2016.08.18"]
[Round "1.1"]
[White "Salahidou, Reveka"]
[Black "Osmak, Iulija"]
[Result "0-1"]
[WhiteElo "1968"]
[BlackElo "2344"]
[PlyCount "84"]
[EventDate "2016.??.??"]
[WhiteClock "0:24:52"]
[BlackClock "1:13:38"]

1. e4 d6 2. d4 Nf6 3. Nc3 c6 4. f4 Qa5 5. Bd3 e5 6. Nf3 Bg4 7. Be3 Nbd7 8. O-O
Be7 9. Qe1 Bxf3 10. gxf3 Bd8 11. Kh1 Bb6 12. Bd2 Bxd4 13. Nb5 Qd8 14. Nxd6+ Ke7
15. c3 Bb6 16. Bc4 Kxd6 17. fxe5+ Nxe5 18. Bf4 Qe7 19. Qg3 Rae8 20. Qxg7 Nh5
21. Qh6+ Qf6 22. Qxf6+ Nxf6 23. Bxf7 Re7 24. Bb3 Nfd7 25. Bg5 Rg7 26. f4 Ng4
27. e5+ Kc7 28. Bh4 Ne3 29. Rf3 Nf5 30. Bg3 Rf8 31. Re1 Nc5 32. Bc2 Ne6 33. Bb3
Re7 34. Bc2 h5 35. b4 Neg7 36. Bf2 Rd8 37. Bb3 Rd2 38. Bxb6+ axb6 39. Rg1 Nh4
40. Rff1 Ngf5 41. e6 Ne3 42. Rc1 Nf3 0-1

[Event "European Youth Chess Championship G18"]
[Site "Prague, Top Hotel Prague"]
[Date "2016.08.18"]
[Round "1.2"]
[White "Khomeriki, Nino"]
[Black "Arvai, Eszter"]
[Result "1-0"]
[WhiteElo "2338"]
[BlackElo "1955"]
[PlyCount "63"]
[EventDate "2016.??.??"]
[WhiteClock "0:01:21"]
[BlackClock "0:02:58"]

1. d4 Nf6 2. c4 e6 3. Nc3 Bb4 4. e3 b6 5. Bd3 Bb7 6. f3 Bxc3+ 7. bxc3 d5 8.
cxd5 exd5 9. Ba3 Nbd7 10. Ne2 c5 11. O-O O-O 12. Ng3 Re8 13. Qd2 Qc7 14. Rae1
Rac8 15. Bb2 Re6 16. Bf5 Rc6 17. Bb1 b5 18. e4 Nb6 19. e5 Nfd7 20. Bc1 Ba6 21.
Qg5 Qd8 22. Qg4 b4 23. Rf2 bxc3 24. Bg5 Qf8 25. Nf5 Re6 26. Qh4 h6 27. Ne7+ Kh8
28. Nxc8 Qxc8 29. Bf5 Rc6 30. dxc5 Rxc5 31. Bxh6 Kg8 32. e6 1-0

[Event "European Youth Chess Championship G18"]
[Site "Prague, Top Hotel Prague"]
[Date "2016.08.18"]
[Round "1.3"]
[White "Boehm, Jana"]
[Black "Rodionova, Daria"]
[Result "1-0"]
[WhiteElo "1954"]
[BlackElo "2279"]
[PlyCount "91"]
[EventDate "2016.??.??"]
[WhiteClock "0:26:52"]
[BlackClock "0:22:49"]

1. e4 c5 2. Nf3 d6 3. d4 cxd4 4. Nxd4 Nf6 5. Nc3 a6 6. Be3 e5 7. Nb3 Be7 8. f3
Be6 9. Qd2 Nbd7 10. O-O-O O-O 11. g4 b5 12. g5 b4 13. Ne2 Ne8 14. f4 a5 15. f5
a4 16. Nbd4 exd4 17. Nxd4 a3 18. fxe6 axb2+ 19. Kxb2 Qa5 20. Bc4 Ne5 21. exf7+
Rxf7 22. Bb3 d5 23. Bxd5 Nd6 24. Qe2 Nxe4 25. Nb5 Nc3 26. Nxc3 bxc3+ 27. Ka1
Ba3 28. Bc1 Bxc1 29. Qxe5 Bb2+ 30. Kb1 Kh8 31. Bxa8 Qxa8 32. Qd5 Rf8 33. Qxa8
Rxa8 34. Rd3 Kg8 35. Rhd1 Kf7 36. h4 Rb8 37. Rd8 Rb4 38. R1d4 Rb5 39. a4 Rf5
40. Ka2 Kg6 41. Kb3 Rf1 42. a5 Rb1 43. Kc4 Ra1 44. Kb5 Bc1 45. Ra4 Rb1+ 46. Kc4
1-0

[Event "European Youth Chess Championship G18"]
[Site "Prague, Top Hotel Prague"]
[Date "2016.08.18"]
[Round "1.4"]
[White "Unuk, Laura"]
[Black "Cusmuliuc, Diana-Elena"]
[Result "1-0"]
[WhiteElo "2240"]
[BlackElo "1945"]
[PlyCount "79"]
[EventDate "2016.??.??"]
[WhiteClock "0:00:44"]
[BlackClock "0:01:36"]

1. d4 Nf6 2. c4 e6 3. Nf3 Bb4+ 4. Bd2 Qe7 5. g3 O-O 6. Bg2 Bxd2+ 7. Qxd2 d6 8.
Nc3 c6 9. O-O Re8 10. e4 e5 11. h3 h6 12. Rad1 Na6 13. a3 Nc7 14. Rfe1 Nh7 15.
b4 Ng5 16. Nxg5 hxg5 17. d5 Rd8 18. dxc6 bxc6 19. c5 Ne8 20. b5 Bb7 21. bxc6
Bxc6 22. Nd5 Qf8 23. cxd6 Nxd6 24. Qxg5 f6 25. Qe3 Qf7 26. Qb3 Kh8 27. Re3 Rab8
28. Qc2 Qd7 29. Qe2 Qf7 30. Rc1 Bb5 31. Qg4 Rbc8 32. Rec3 Bd7 33. Qh4+ Kg8 34.
f4 Rxc3 35. Rxc3 Nb5 36. Rd3 Qe8 37. g4 exf4 38. g5 Kf7 39. Qh5+ g6 40. Qh7+
1-0

[Event "European Youth Chess Championship G18"]
[Site "Prague, Top Hotel Prague"]
[Date "2016.08.18"]
[Round "1.5"]
[White "Roklicer, Heike"]
[Black "Kubicka, Anna"]
[Result "0-1"]
[WhiteElo "1936"]
[BlackElo "2209"]
[PlyCount "62"]
[EventDate "2016.??.??"]
[WhiteClock "0:00:40"]
[BlackClock "0:26:53"]

1. d4 Nf6 2. c4 g6 3. Nc3 Bg7 4. e4 d6 5. f3 O-O 6. Be3 c5 7. dxc5 dxc5 8. Qxd8
Rxd8 9. Bxc5 Nc6 10. Ba3 a5 11. Rd1 Rxd1+ 12. Kxd1 Be6 13. Nd5 Nb4 14. Nxe7+
Kh8 15. Nd5 Nfxd5 16. cxd5 Bd7 17. Bc4 Rc8 18. Bxb4 Rxc4 19. Ba3 Ra4 20. Ne2 b5
21. Bc5 Rxa2 22. b3 a4 23. bxa4 b4 24. Nc1 Bxa4+ 25. Ke1 Rc2 26. Be3 Bc3+ 27.
Kf1 Bb2 28. Na2 b3 29. Nb4 Bb5+ 30. Kg1 Rc1+ 31. Bxc1 Bd4+ 0-1

[Event "European Youth Chess Championship G18"]
[Site "Prague, Top Hotel Prague"]
[Date "2016.08.18"]
[Round "1.6"]
[White "Narva, Mai"]
[Black "Olechnicka, Karolina"]
[Result "1-0"]
[WhiteElo "2202"]
[BlackElo "1913"]
[PlyCount "50"]
[EventDate "2016.??.??"]
[WhiteClock "0:26:11"]
[BlackClock "0:30:30"]

1. e4 c5 2. Nf3 d6 3. c3 Nf6 4. h3 Nc6 5. Bd3 g6 6. Bc2 Bg7 7. O-O O-O 8. d4
cxd4 9. cxd4 b6 10. Nc3 Nb4 11. Bb1 Bb7 12. a3 Nc6 13. Be3 Rc8 14. e5 Ne8 15.
e6 fxe6 16. Ng5 Qd7 17. Nxe6 Rf6 18. d5 Na5 19. Bd3 Nc4 20. Qe2 b5 21. a4 Ba8
22. axb5 Nxe3 23. Qxe3 Rxc3 24. bxc3 Bxd5 25. Nxg7 Nxg7 1-0

[Event "European Youth Chess Championship G18"]
[Site "Prague, Top Hotel Prague"]
[Date "2016.08.18"]
[Round "1.7"]
[White "Poliakova, Emma"]
[Black "Kanakova, Natalie"]
[Result "0-1"]
[WhiteElo "1912"]
[BlackElo "2179"]
[PlyCount "70"]
[EventDate "2016.??.??"]
[WhiteClock "0:02:39"]
[BlackClock "0:10:05"]

1. e4 c5 2. Nf3 e6 3. d4 cxd4 4. Nxd4 Nf6 5. Nc3 Nc6 6. Ndb5 Bb4 7. a3 Bxc3+ 8.
Nxc3 d5 9. exd5 exd5 10. Bd3 O-O 11. O-O d4 12. Ne2 Bg4 13. Bg5 Qd6 14. Qd2
Rfe8 15. Ng3 h6 16. Bxf6 Qxf6 17. Ne4 Qd8 18. f3 Bf5 19. Qf4 Bg6 20. Rad1 Ne5
21. Kh1 Qb6 22. b3 Rac8 23. Qd2 Red8 24. Rf2 f5 25. Ng3 Nxd3 26. Qxd3 f4 27.
Ne4 Rc3 28. Qe2 Re3 29. Qc4+ Kh8 30. Rfd2 Bxe4 31. fxe4 Rxe4 32. c3 Rde8 33.
Rf1 dxc3 34. Qxc3 Re3 35. Rd3 Qb5 0-1

[Event "European Youth Chess Championship G18"]
[Site "Prague, Top Hotel Prague"]
[Date "2016.08.18"]
[Round "1.8"]
[White "Georgescu, Lena"]
[Black "Saumanaite, Skaiste"]
[Result "1/2-1/2"]
[WhiteElo "2174"]
[BlackElo "1905"]
[PlyCount "49"]
[EventDate "2016.??.??"]
[WhiteClock "0:24:01"]
[BlackClock "0:19:55"]

1. e4 c5 2. Nc3 a6 3. Nge2 e6 4. g3 Nc6 5. Bg2 g6 6. d4 cxd4 7. Nxd4 d6 8. O-O
Qc7 9. Bg5 Bg7 10. Nde2 Nge7 11. Qd2 O-O 12. Bh6 b5 13. Bxg7 Kxg7 14. a3 Bb7
15. f4 e5 16. f5 f6 17. Rad1 Rad8 18. fxg6 hxg6 19. Rf3 Na5 20. Rd3 Nc4 21. Qc1
Qc5+ 22. Kh1 Rh8 23. g4 Bc8 24. b3 Nb6 25. Rg3 1/2-1/2

[Event "European Youth Chess Championship G18"]
[Site "Prague, Top Hotel Prague"]
[Date "2016.08.18"]
[Round "1.9"]
[White "Weis, Olga"]
[Black "Diakonova, Ekaterina"]
[Result "0-1"]
[WhiteElo "1895"]
[BlackElo "2172"]
[PlyCount "106"]
[EventDate "2016.08.18"]

1. e4 c6 2. d4 d5 3. e5 Bf5 4. Nf3 e6 5. a3 Nd7 6. Nbd2 Ne7 7. Nh4 c5 8. c3 Bg6
9. Bb5 Nc6 10. Nxg6 hxg6 11. Nf3 Qb6 12. Ba4 Qa6 13. Be3 Rc8 14. Bc2 Be7 15.
Bd3 c4 16. Bc2 b5 17. Bg5 Qb7 18. Bxe7 Nxe7 19. Ng5 Nf5 20. Qf3 Nb6 21. O-O Qe7
22. Nh3 Qh4 23. Bxf5 gxf5 24. Qf4 Qxf4 25. Nxf4 Kd7 26. Rab1 Na4 27. Rfc1 Rc7
28. g3 g5 29. Ng2 Rb7 30. Ne1 a5 31. Nc2 Nb6 32. Na1 Nc8 33. b3 Ne7 34. bxc4
dxc4 35. Nc2 Nd5 36. Ne3 Nxe3 37. fxe3 Rhb8 38. Rc2 g4 39. Rcb2 Kc6 40. Kf2 Kd5
41. Ke2 Ke4 42. Kd2 Rh8 43. Rh1 Rh3 44. Rbb1 Rb8 45. Rbf1 Rbh8 46. Rf2 Rxg3 47.
hxg3 Rxh1 48. Rf4+ Kd5 49. e4+ fxe4 50. Rxg4 Rh2+ 51. Kd1 b4 52. axb4 axb4 53.
cxb4 Kxd4 0-1

[Event "European Youth Chess Championship G18"]
[Site "Prague, Top Hotel Prague"]
[Date "2016.08.18"]
[Round "1.10"]
[White "Vidic, Teja"]
[Black "Verhoeff, Timardi"]
[Result "1-0"]
[WhiteElo "2149"]
[BlackElo "1870"]
[PlyCount "81"]
[EventDate "2016.08.18"]

1. e4 c5 2. Nf3 d6 3. Bb5+ Bd7 4. Bxd7+ Qxd7 5. c4 Nc6 6. d4 cxd4 7. Nxd4 Nf6
8. Nc3 g6 9. b3 Bg7 10. Bb2 O-O 11. O-O Rfd8 12. Rc1 Rac8 13. Qd2 Qg4 14. f3
Qh4 15. Nxc6 bxc6 16. Qf2 Qxf2+ 17. Kxf2 Nd7 18. Rfd1 Rb8 19. Na4 Bxb2 20. Nxb2
Nc5 21. Nd3 Nxd3+ 22. Rxd3 Kf8 23. c5 dxc5 24. Rxd8+ Rxd8 25. Ke3 Ke8 26. Rxc5
Kd7 27. Ra5 Ra8 28. Kd4 Kc7 29. Kc5 Kb7 30. Ra4 Rd8 31. Rd4 Rxd4 32. Kxd4 Kb6
33. a4 a5 34. Kc4 h5 35. b4 axb4 36. Kxb4 c5+ 37. Kc4 Kc6 38. h4 f5 39. a5 fxe4
40. fxe4 e6 41. a6 1-0

[Event "European Youth Chess Championship G18"]
[Site "Prague, Top Hotel Prague"]
[Date "2016.08.18"]
[Round "1.11"]
[White "Kyrkjebo, Marte B"]
[Black "Salimova, Nurgyul"]
[Result "0-1"]
[WhiteElo "1866"]
[BlackElo "2147"]
[PlyCount "68"]
[EventDate "2016.08.18"]

1. e4 c5 2. Nc3 Nc6 3. Bb5 Nd4 4. Bc4 e6 5. Nge2 Ne7 6. Nxd4 cxd4 7. Nb5 Nc6 8.
c3 Qb6 9. Nxd4 Nxd4 10. cxd4 Qxd4 11. d3 Bb4+ 12. Kf1 O-O 13. Qb3 Be7 14. Be3
Qd6 15. d4 b6 16. e5 Qb8 17. Bd3 Bb7 18. Qc2 h6 19. Be4 Rc8 20. Qb1 d6 21. Bxb7
Qxb7 22. Kg1 dxe5 23. dxe5 Qd5 24. Bf4 Rc4 25. Bg3 Rac8 26. h3 h5 27. h4 Qd2
28. Kh2 Bxh4 29. Rd1 Bxg3+ 30. fxg3 Qg5 31. Re1 h4 32. gxh4 Qxh4+ 33. Kg1 Rc2
34. Rf1 Qg3 0-1

[Event "European Youth Chess Championship G18"]
[Site "Prague, Top Hotel Prague"]
[Date "2016.08.18"]
[Round "1.12"]
[White "Vangsgaard, Freja"]
[Black "Asatryan, Sona"]
[Result "1/2-1/2"]
[WhiteElo "2129"]
[BlackElo "1857"]
[PlyCount "131"]
[EventDate "2016.08.18"]

1. d4 Nf6 2. c4 e6 3. Nc3 Bb4 4. e3 O-O 5. Nge2 d5 6. a3 Bd6 7. c5 Be7 8. b4 c6
9. Nf4 b6 10. Be2 a5 11. Bd2 Nbd7 12. Nd3 Ba6 13. f4 Ne4 14. O-O Bxd3 15. Bxd3
axb4 16. Nxe4 dxe4 17. Bxe4 bxc5 18. axb4 cxd4 19. Bxc6 Rxa1 20. Qxa1 Nb8 21.
Be4 Bf6 22. Qb1 g6 23. Kf2 Qd7 24. Rc1 Rc8 25. Rxc8+ Qxc8 26. b5 Qc5 27. Kf3
Nd7 28. Qb4 Qh5+ 29. Kf2 Nc5 30. Qb1 Nxe4+ 31. Qxe4 dxe3+ 32. Bxe3 Qxb5 33. Qc2
Qb2 34. Qxb2 Bxb2 35. Kf3 f5 36. h3 Kf7 37. g4 Ke7 38. Bc5+ Kd7 39. Be3 Kc6 40.
Ba7 Kd5 41. Bb6 Bd4 42. Ba5 Kc4 43. Bc7 Kd3 44. Bd6 Kd2 45. Bb4+ Bc3 46. Bc5
Ke1 47. Bb6 Kf1 48. Bc5 Be1 49. Bd4 Bd2 50. Bc5 Bc3 51. Be3 fxg4+ 52. hxg4 h5
53. gxh5 gxh5 54. Bc5 Bf6 55. Bb6 Ke1 56. Ba5+ Kd1 57. Bb4 Kc2 58. Bd6 Kd3 59.
Ba3 Bc3 60. Be7 Be1 61. f5 e5 62. Bg5 e4+ 63. Kg2 Bb4 64. f6 Bf8 65. Kh3 e3 66.
Bxe3 1/2-1/2

[Event "European Youth Chess Championship G18"]
[Site "Prague, Top Hotel Prague"]
[Date "2016.08.18"]
[Round "1.13"]
[White "Suchomelova, Simona"]
[Black "Drogovoz, Irina"]
[Result "0-1"]
[WhiteElo "1838"]
[BlackElo "2126"]
[PlyCount "67"]
[EventDate "2016.08.18"]

1. e4 c5 2. Nf3 d6 3. d4 cxd4 4. Nxd4 Nf6 5. Nc3 a6 6. Be2 e6 7. O-O Be7 8. a4
Qc7 9. Kh1 Nc6 10. Nb3 b6 11. f4 O-O 12. Be3 Rb8 13. g4 Re8 14. Bf3 Na5 15. Nd2
b5 16. axb5 axb5 17. g5 Nd7 18. Bg2 Bf8 19. Ne2 g6 20. b4 Nc4 21. Nxc4 Qxc4 22.
Rb1 Bb7 23. Qd3 Rec8 24. Rfc1 Ba8 25. Ng3 Nb6 26. Nf1 d5 27. Bxb6 Rxb6 28. Ne3
Qc7 29. e5 Rc6 30. Qxb5 d4 31. Ng4 Rxc2 32. Nf6+ Kh8 33. Rg1 Rxg2 34. Rxg2 0-1

[Event "European Youth Chess Championship G18"]
[Site "Prague, Top Hotel Prague"]
[Date "2016.08.18"]
[Round "1.14"]
[White "Paolillo, Gaia"]
[Black "Maric, Sara"]
[Result "1-0"]
[WhiteElo "2109"]
[BlackElo "1829"]
[PlyCount "41"]
[EventDate "2016.08.18"]

1. Nf3 d5 2. c4 e6 3. g3 Nf6 4. Bg2 Be7 5. O-O O-O 6. d4 c5 7. cxd5 cxd4 8.
dxe6 Bxe6 9. Nxd4 Qb6 10. Nxe6 fxe6 11. Nc3 Nc6 12. Qa4 a6 13. Bxc6 Qxc6 14.
Qxc6 bxc6 15. h3 Bc5 16. Bd2 Rad8 17. b3 Bd4 18. Rad1 Bxc3 19. Bxc3 Nd5 20. Rd3
Rf5 21. e4 1-0

[Event "European Youth Chess Championship G18"]
[Site "Prague, Top Hotel Prague"]
[Date "2016.08.18"]
[Round "1.15"]
[White "Sajjadi, Kimiya"]
[Black "Keetman, Maaike"]
[Result "0-1"]
[WhiteElo "1828"]
[BlackElo "2101"]
[PlyCount "58"]
[EventDate "2016.08.18"]

1. d4 Nf6 2. c4 g6 3. Nc3 Bg7 4. e4 d6 5. f4 c5 6. d5 e6 7. dxe6 fxe6 8. Nf3
Nc6 9. Bd3 O-O 10. O-O b6 11. Qe1 Nb4 12. Bb1 Ba6 13. Nb5 Qd7 14. a3 Nc6 15. a4
Na5 16. Ba2 Bb7 17. Nxd6 Qxd6 18. e5 Qc6 19. exf6 Bxf6 20. Qe2 Rae8 21. Rd1
Qxa4 22. Rd6 Bxf3 23. gxf3 Bd4+ 24. Kg2 e5 25. Qe4 exf4 26. Qd5+ Kh8 27. Qg5
Qc2+ 28. Kh3 Rf5 29. Qg2 Rh5+ 0-1

[Event "European Youth Chess Championship G18"]
[Site "Prague, Top Hotel Prague"]
[Date "2016.08.18"]
[Round "1.16"]
[White "Buiza, Prieto Eihartze"]
[Black "Dai, Irmak"]
[Result "1/2-1/2"]
[WhiteElo "2085"]
[BlackElo "1806"]
[PlyCount "145"]
[EventDate "2016.08.18"]

1. e4 c5 2. b3 d6 3. Bb5+ Bd7 4. Bxd7+ Qxd7 5. Bb2 Nc6 6. d3 Nf6 7. Ne2 e5 8.
O-O d5 9. exd5 Nxd5 10. Nd2 Be7 11. Nc4 f6 12. a4 O-O 13. Qd2 Rfe8 14. Rae1 Bd8
15. Ng3 Bc7 16. Qd1 a6 17. Ne4 b6 18. Ne3 Nf4 19. Bc1 Rf8 20. Ng3 Ne7 21. Ba3
Rac8 22. Qa1 Qc6 23. f3 b5 24. b4 Bb6 25. axb5 axb5 26. bxc5 Bxc5 27. Bxc5 Qxc5
28. Ne4 Qd4 29. g3 Nfd5 30. Qxd4 exd4 31. Nxd5 Nxd5 32. Rf2 Rc6 33. Nd2 Rxc2
34. Nb3 Rxf2 35. Kxf2 Nb4 36. Re4 Nxd3+ 37. Ke2 Ne5 38. Nxd4 Ra8 39. h4 Ra2+
40. Ke3 Ra3+ 41. Ke2 b4 42. Re3 Rxe3+ 43. Kxe3 Kf7 44. Ke4 Nc4 45. Kd3 Nb6 46.
Nc6 Nd5 47. Kc4 Ne3+ 48. Kxb4 Nf5 49. g4 Nxh4 50. Nd4 f5 51. gxf5 Kf6 52. Kc4
Nxf5 53. Ne2 h5 54. Kd3 h4 55. Nf4 Nd6 56. Ke3 Kf5 57. Nh3 Nf7 58. Kf2 Ng5 59.
Ng1 Ne6 60. Ne2 g5 61. Nc3 Nd4 62. Nd5 Ke5 63. Ne3 Nf5 64. Ng4+ Kf4 65. Nf6 Nd6
66. Nd5+ Ke5 67. Ne3 Nb7 68. Ng2 Nc5 69. f4+ gxf4 70. Nxh4 Ke4 71. Nf3 Nd3+ 72.
Ke2 Nc1+ 73. Kf2 1/2-1/2

[Event "European Youth Chess Championship G18"]
[Site "Prague, Top Hotel Prague"]
[Date "2016.08.18"]
[Round "1.17"]
[White "Silva, Mariana Sofia T"]
[Black "Pychova, Nela"]
[Result "1/2-1/2"]
[WhiteElo "1757"]
[BlackElo "2072"]
[PlyCount "82"]
[EventDate "2016.08.18"]

1. e4 c6 2. d4 d5 3. Nc3 dxe4 4. Nxe4 Bf5 5. Ng3 Bg6 6. Nh3 e6 7. Nf4 Bd6 8. c3
Nf6 9. h4 Bxf4 10. Bxf4 h6 11. h5 Bh7 12. Bd3 Bxd3 13. Qxd3 Nbd7 14. O-O-O Qa5
15. Kb1 O-O-O 16. Ne4 Nxe4 17. Qxe4 Nf6 18. Qe5 Qxe5 19. Bxe5 Ng4 20. Bg3 Rd5
21. Rde1 Rhd8 22. f3 Nf6 23. Be5 c5 24. g4 Ne8 25. Re2 c4 26. Rhe1 Kd7 27. Kc2
Ra5 28. Bg3 Nf6 29. Bh4 Rc8 30. Bxf6 gxf6 31. f4 Rg8 32. f5 Ra6 33. Re4 b5 34.
a3 Rd6 35. Rf1 Ke7 36. Rf2 a6 37. Rf1 Rd5 38. Rfe1 Rd6 39. Rf1 Rb8 40. Rfe1 Rg8
41. Rf1 Rb8 1/2-1/2

[Event "European Youth Chess Championship G18"]
[Site "Prague, Top Hotel Prague"]
[Date "2016.08.18"]
[Round "1.18"]
[White "Trippold, Denise"]
[Black "Chanturia, Ani"]
[Result "1-0"]
[WhiteElo "2066"]
[BlackElo "1737"]
[PlyCount "65"]
[EventDate "2016.08.18"]

1. d4 Nf6 2. c4 g6 3. Nc3 Bg7 4. e4 d6 5. Nf3 O-O 6. Be2 e5 7. d5 a5 8. O-O Na6
9. Qc2 Nd7 10. Ne1 Ndc5 11. Be3 f5 12. f3 f4 13. Bf2 h5 14. Rb1 g5 15. a3 b6
16. b4 Nb7 17. c5 bxc5 18. Bxa6 Rxa6 19. bxc5 Nxc5 20. Bxc5 dxc5 21. Na4 Rg6
22. Nxc5 c6 23. Ned3 cxd5 24. Qb3 Kh8 25. exd5 Rd6 26. Rfd1 Qe7 27. Ne4 Rh6 28.
Ndc5 Rd8 29. d6 Qe8 30. d7 Bxd7 31. Qd5 Kh7 32. Nxd7 Bh8 33. Nf8+ 1-0

[Event "European Youth Chess Championship G18"]
[Site "Prague, Top Hotel Prague"]
[Date "2016.08.18"]
[Round "1.19"]
[White "Sarnovska, Eira"]
[Black "Fuskova, Martina"]
[Result "0-1"]
[WhiteElo "1719"]
[BlackElo "2063"]
[PlyCount "82"]
[EventDate "2016.08.18"]

1. Nf3 c5 2. c4 g6 3. g3 Bg7 4. Bg2 Nc6 5. Nc3 e6 6. O-O Nge7 7. a3 O-O 8. Rb1
d5 9. cxd5 exd5 10. d3 b6 11. Bf4 d4 12. Ne4 Nd5 13. Qc1 Re8 14. Re1 Nxf4 15.
Qxf4 f5 16. Ned2 Be6 17. h4 Rc8 18. b4 Ne7 19. Ng5 Bd5 20. Nc4 Bxg2 21. Kxg2
Nd5 22. Qf3 b5 23. Nd2 cxb4 24. axb4 Rc2 25. Nf1 Nc3 26. Qc6 Rcxe2 27. Rxe2
Rxe2 28. Ne6 Qd5+ 29. Qxd5 Nxd5 30. Nxg7 Kxg7 31. Kf3 Ra2 32. Rb3 Kf6 33. Nh2
Ra4 34. g4 Rxb4 35. Ra3 Ra4 36. Rb3 b4 37. Nf1 Ra2 38. Ng3 a5 39. gxf5 gxf5 40.
Ne2 Ke5 41. Rb1 Rxe2 0-1

[Event "European Youth Chess Championship G18"]
[Site "Prague, Top Hotel Prague"]
[Date "2016.08.18"]
[Round "1.20"]
[White "Lingur, Zalina"]
[Black "Gur, Tuba"]
[Result "1-0"]
[WhiteElo "2060"]
[BlackElo "1717"]
[PlyCount "99"]
[EventDate "2016.08.18"]

1. d4 d5 2. c4 e6 3. Nf3 Nf6 4. Bg5 Be7 5. Nc3 Nbd7 6. e3 O-O 7. Qc2 c5 8. cxd5
exd5 9. Bd3 h6 10. Bh4 cxd4 11. Nxd4 Nc5 12. O-O Nxd3 13. Qxd3 Be6 14. Rad1 Ng4
15. Bxe7 Qxe7 16. Qb5 Rfd8 17. Nf3 Qd7 18. Rd4 Rac8 19. Qd3 Rc4 20. h3 Rxd4 21.
Qxd4 Nf6 22. Rd1 a6 23. Ne5 Qc7 24. a3 Rc8 25. Kh1 Qc5 26. Qd3 Qb6 27. Qe2 Qc7
28. Nf3 Qc4 29. Qe1 Ne4 30. Rd4 Qb3 31. Rb4 Qc2 32. Nxe4 dxe4 33. Nd4 Qc1 34.
Qxc1 Rxc1+ 35. Kh2 Bd5 36. Rb6 Bc6 37. Kg3 g5 38. Nxc6 Rxc6 39. Rxc6 bxc6 40.
Kg4 Kf8 41. Kf5 Ke7 42. Kxe4 Ke6 43. g4 c5 44. b3 f6 45. f3 a5 46. Kd3 Kd5 47.
Kc3 Kd6 48. Kc4 Kc6 49. a4 Kd6 50. Kb5 1-0

[Event "European Youth Chess Championship G18"]
[Site "Prague, Top Hotel Prague"]
[Date "2016.08.18"]
[Round "1.21"]
[White "Sit, Victoria"]
[Black "Janska, Jitka"]
[Result "0-1"]
[WhiteElo "1697"]
[BlackElo "2052"]
[PlyCount "58"]
[EventDate "2016.08.18"]

1. d4 Nf6 2. c4 e6 3. Nf3 Bb4+ 4. Bd2 Qe7 5. g3 O-O 6. Bg2 Bxd2+ 7. Nbxd2 d6 8.
e4 e5 9. d5 Na6 10. O-O Nc5 11. Qc2 a5 12. a3 a4 13. Ne1 Bg4 14. f3 Bh5 15. Nd3
Nfd7 16. Rf2 Bg6 17. Bh3 Nxd3 18. Qxd3 Nc5 19. Qc2 Qg5 20. f4 exf4 21. Rxf4 Qe5
22. Kh1 Qd4 23. Raf1 Ra6 24. Bf5 Rb6 25. Bxg6 hxg6 26. Rb1 Re8 27. Nf3 Qd3 28.
Qc1 Rxe4 29. Rxe4 Qxf3+ 0-1

[Event "European Youth Chess Championship G18"]
[Site "Prague, Top Hotel Prague"]
[Date "2016.08.18"]
[Round "1.22"]
[White "Auvray, Honorine"]
[Black "Naghiyeva, Khayala"]
[Result "1-0"]
[WhiteElo "2042"]
[BlackElo "1663"]
[PlyCount "99"]
[EventDate "2016.08.18"]

1. e4 c5 2. Nf3 Nc6 3. d4 cxd4 4. Nxd4 g6 5. c4 Nf6 6. Nc3 d6 7. Be2 Nxd4 8.
Qxd4 Bg7 9. Be3 O-O 10. Qd2 a5 11. O-O a4 12. Rab1 Qa5 13. Rfc1 Be6 14. f3 Rfc8
15. b4 axb3 16. axb3 Qb4 17. Bf1 Ra3 18. Nd5 Qxd2 19. Bxd2 Bxd5 20. exd5 Nd7
21. Re1 Bf6 22. b4 Bd4+ 23. Kh1 Ne5 24. Re4 Ba7 25. c5 f5 26. Ree1 Kf7 27. Bg5
Re8 28. Bb5 Rh8 29. f4 h6 30. Bh4 g5 31. fxe5 gxh4 32. exd6 exd6 33. cxd6 Be3
34. d7 Rc3 35. Re2 f4 36. Rbe1 Rd8 37. g3 hxg3 38. hxg3 Ra3 39. gxf4 Bd4 40.
Re7+ Kg6 41. R1e6+ Kf5 42. Rf7+ Kg4 43. Be2+ Kg3 44. Rg6+ Kf2 45. Rg2+ Ke1 46.
Bg4 Re3 47. Rh7 Bc3 48. b5 Bb4 49. Rxh6 Bc5 50. Rhh2 1-0

[Event "European Youth Chess Championship G18"]
[Site "Prague, Top Hotel Prague"]
[Date "2016.08.18"]
[Round "1.23"]
[White "Yolal, Sena Gokcen"]
[Black "Shivacheva, Donika"]
[Result "0-1"]
[WhiteElo "1646"]
[BlackElo "2035"]
[PlyCount "80"]
[EventDate "2016.08.18"]

1. e4 e5 2. Nf3 Nc6 3. Bc4 Nf6 4. d3 Bc5 5. c3 d6 6. Nbd2 O-O 7. O-O a6 8. Bb3
Ba7 9. Re1 Ng4 10. Re2 Ne7 11. d4 Ng6 12. Nf1 Nf6 13. h3 Nh5 14. Bg5 Qe8 15.
Nh4 Ngf4 16. Re3 h6 17. Bxf4 Nxf4 18. Nf5 Kh7 19. N1g3 g6 20. Nh4 c5 21. Nf3
cxd4 22. cxd4 Qe7 23. Ne2 Qf6 24. Nxf4 Qxf4 25. Qd3 Be6 26. g3 Qf6 27. Kg2 exd4
28. e5 dxe5 29. Rxe5 Bf5 30. Qd2 Bxh3+ 31. Kxh3 Qxf3 32. Bd5 Qf6 33. Rae1 Bb8
34. Rh5 gxh5 35. Qd3+ Kh8 36. Bxb7 Ra7 37. Bf3 Re7 38. Rc1 Re6 39. Rc5 Be5 40.
Kg2 h4 0-1

[Event "European Youth Chess Championship G18"]
[Site "Prague, Top Hotel Prague"]
[Date "2016.08.18"]
[Round "1.24"]
[White "Kassay, Lilla"]
[Black "Pilsan, Martha"]
[Result "1-0"]
[WhiteElo "2034"]
[BlackElo "1640"]
[PlyCount "35"]
[EventDate "2016.08.18"]

1. e4 e5 2. Nf3 Nc6 3. Bc4 Bc5 4. c3 Nf6 5. d3 a6 6. Bb3 Ba7 7. Nbd2 O-O 8. Nf1
d5 9. Qe2 dxe4 10. dxe4 Nh5 11. Ng5 Nf4 12. Bxf4 exf4 13. Qh5 h6 14. Nxf7 Rxf7
15. Qxf7+ Kh7 16. Rd1 Qg5 17. Qg8+ Kg6 18. Qe8+ 1-0

[Event "European Youth Chess Championship G18"]
[Site "Prague, Top Hotel Prague"]
[Date "2016.08.18"]
[Round "1.25"]
[White "Temmerman, Sara"]
[Black "Dmochowska, Agnieszka"]
[Result "0-1"]
[WhiteElo "1631"]
[BlackElo "2034"]
[PlyCount "62"]
[EventDate "2016.08.18"]

1. e4 c5 2. Nf3 d6 3. d4 cxd4 4. Nxd4 Nf6 5. Nc3 Nc6 6. h3 e5 7. Nde2 Be7 8. g4
Be6 9. Bg2 Rc8 10. Be3 Na5 11. b3 a6 12. Na4 b5 13. Bb6 Qd7 14. Bxa5 bxa4 15.
c4 Qb7 16. Qd3 O-O 17. O-O Nd7 18. Rab1 Nc5 19. Qc2 Qd7 20. Rfd1 h5 21. gxh5
Bxh3 22. Ng3 Bxg2 23. Kxg2 Ne6 24. Ne2 Nf4+ 25. Nxf4 Qg4+ 26. Kf1 exf4 27. Bb6
f3 28. Be3 d5 29. b4 Rxc4 30. Qxa4 Rfc8 31. a3 Rc2 0-1

[Event "European Youth Chess Championship G18"]
[Site "Prague, Top Hotel Prague"]
[Date "2016.08.18"]
[Round "1.26"]
[White "Malatsilava, Volha"]
[Black "Pokorna, Jana"]
[Result "1-0"]
[WhiteElo "2034"]
[BlackElo "1630"]
[PlyCount "57"]
[EventDate "2016.08.18"]

1. e4 e5 2. Nf3 Nc6 3. Bb5 d6 4. Bxc6+ bxc6 5. d4 exd4 6. Nxd4 c5 7. Nf3 Ba6 8.
Nc3 Nf6 9. Be3 g6 10. e5 Nd7 11. exd6 cxd6 12. Qd5 Nb6 13. Qe4+ Qe7 14. O-O-O
Qxe4 15. Nxe4 Rd8 16. Nf6+ Ke7 17. Bg5 Rc8 18. Rhe1+ Kd8 19. Nd5+ Kd7 20. Ne5+
dxe5 21. Nxb6+ Kc7 22. Nxc8 Bxc8 23. Bf6 Rg8 24. Bxe5+ Kc6 25. Kb1 Bg7 26. Rd6+
Kb7 27. Bxg7 Rxg7 28. Re7+ Kb8 29. Rd8 1-0

[Event "European Youth Chess Championship G18"]
[Site "Prague, Top Hotel Prague"]
[Date "2016.08.18"]
[Round "1.27"]
[White "Jerabkova, Julia"]
[Black "Miljkovic, Jovana"]
[Result "0-1"]
[WhiteElo "1571"]
[BlackElo "2024"]
[PlyCount "42"]
[EventDate "2016.08.18"]

1. c4 c5 2. Nc3 Nc6 3. e3 e5 4. Nge2 f5 5. g3 e4 6. d4 Nf6 7. Bg2 Be7 8. O-O d6
9. b3 O-O 10. Bb2 Nb4 11. Nf4 g5 12. a3 gxf4 13. axb4 f3 14. Bh3 Qe8 15. Re1
Qh5 16. Bf1 f4 17. dxc5 fxg3 18. fxg3 f2+ 19. Kh1 fxe1=Q 20. Qxh5 Qxf1+ 21.
Rxf1 Nxh5 0-1